Statistics for Psychology/ (Record no. 171544)
[ view plain ]
| 000 -LEADER | |
|---|---|
| fixed length control field | 00649nam a22002057a 4500 |
| 005 - DATE AND TIME OF LATEST TRANSACTION | |
| control field | 20200115120707.0 |
| 010 ## - LCCN (DPL NO) | |
| LC control number | ENG-127426 |
| 020 ## - INTERNATIONAL STANDARD BOOK NUMBER | |
| International Standard Book Number | 9789353940362 |
| Terms of availability | 645.00 |
| 035 ## - SYSTEM CONTROL NUMBER | |
| System control number | EN-110958 |
| 037 ## - SOURCE OF ACQUISITION | |
| Source of stock number/acquisition | DBAD/PUB |
| 082 ## - DEWEY DECIMAL CLASSIFICATION NUMBER | |
| Classification number | 150.727 |
| 100 ## - MAIN ENTRY--PERSONAL NAME | |
| Personal name | Aron,Arthur |
| 245 ## - TITLE STATEMENT | |
| Title | Statistics for Psychology/ |
| Statement of responsibility, etc | by Arthur Aron,Elaine Aron[and]Elliot Coups |
| 260 ## - PUBLICATION, DISTRIBUTION, ETC. (IMPRINT) | |
| Place of publication, distribution, etc | NOIDA |
| Name of publisher, distributor, etc | Pearson India Education Services |
| Date of publication, distribution, etc | 2019 |
| 270 ## - ADDRESS | |
| Address | 15th floor,Tower-B,World Trade Tower,Plot No.1,Block-C,sector 16 |
| City | NOIDA |
| Postal code | 201301 |
| 300 ## - PHYSICAL DESCRIPTION | |
| Extent | 729p. |
| Dimensions | 25cm(pbk) |
| 700 ## - ADDED ENTRY--PERSONAL NAME | |
| Personal name | Aron,Elaine |
| 700 ## - ADDED ENTRY--PERSONAL NAME | |
| Personal name | Coups,Elliot |
| 942 ## - ADDED ENTRY ELEMENTS (KOHA) | |
| Source of classification or shelving scheme | Dewey Decimal Classification |
| Item type | English Books |
| Classification part | 150.727 |
| Call number suffix | ARO |
| Withdrawn status | Lost status | Not for loan | Collection code | Home library | Current library | Date acquired | Source of acquisition | Cost, normal purchase price | Full call number | Barcode | Copy number | Cost, replacement price | Koha item type |
|---|---|---|---|---|---|---|---|---|---|---|---|---|---|
| Fiction | Andrews Gunj | Andrews Gunj | 15/01/2020 | DBAD/PUB | 645.00 | 150.727 ARO | EN-110958 | 1 | 645.00 | English Books |
